000 01031cam a2200301 a 4500
001 12958049
005 20170105102842.0
008 021004s2003 caua b 001 0 eng
010 _a 2002114085
020 _a0534557481
040 _aDLC
_cDLC
050 0 0 _aHV6025
_b.W54 2003
082 0 0 _a364
_221
100 1 _aWinfree, Latham T.
_q(Latham Thomas),
_d1946-
245 1 0 _aUnderstanding crime :
_btheory and practice /
_cL. Thomas Winfree, Howard Abadinsky.
250 _a2nd ed.
260 _aBelmont, CA :
_bWadsworth/Thomson Learning,
_cc2003.
300 _axxi, 378 p. :
_bill. ;
_c24 cm.
504 _aIncludes bibliographical references (p. [313]-355) and indexes.
650 0 _aCriminology.
650 0 _aCrime.
650 0 _aCriminal justice, Administration of.
700 1 _aAbadinsky, Howard,
_d1941-
906 _a7
_bcbc
_corigcop
_d3
_encip
_f20
_gy-gencatlg
942 _2ddc
_cBK
999 _c13931
_d13931